| 000 | 00852nam a2200229 4500 | ||
|---|---|---|---|
| 005 | 20240530110550.0 | ||
| 008 | 160625s2014 ua ||||| |||| 00| 0 ara d | ||
| 017 |
_a2013/10519 _bمصر. دار الكتب المصرية |
||
| 020 | _a9772329182 | ||
| 040 | _aEG-CaGPL | ||
| 082 | 0 | 4 |
_a155.4/ _bس م _221 |
| 100 | 0 | _aسناء محمد سليمان | |
| 245 | 1 | 0 |
_aمشكلة النشاط الزائد وتشتت الانتباه لدى الاطفال / _cاعداد سناء محمد سليمان. |
| 250 | _aط. 1. | ||
| 260 |
_aالقاهرة : _bعالم الكتب، _c2014. |
||
| 300 |
_a158 ص. ؛ _c20 سم. |
||
| 490 | 0 |
_aسلسلة ثقافة سيكولوجية للجميع ؛ _v34 |
|
| 650 | 0 | 4 |
_aالاطفال _xعلم نفس |
| 650 | 0 | 4 |
_aالاطفال _xنمو |
| 942 |
_2ddc _cBK |
||
| 999 |
_c62440 _d62440 |
||